Programa de inversiones públicas 1965-1968

Inversiones públicas en los campos de transporte, telecomunicaciones, educación, salud, vivienda y otros en Costa Rica, señala el calendario general de construcción y el costo de los diversos proyectos, como así también los recursos financieros internos y externos./ALLV

Na minha lista:
Detalhes bibliográficos
Autor Corporativo: Costa Rica. Presidencia de la República. Oficina de Planificación
Formato: Texto
Assuntos:
Tags: Adicionar Tag
Sem tags, seja o primeiro a adicionar uma tag!

MARC

LEADER 00000 a a2200000 04500
001 19658
003
040
090 |a 078500  
110 |a Costa Rica. Presidencia de la República. Oficina de Planificación  
245 |a Programa de inversiones públicas 1965-1968  
300 |a 217 p.; v. 2  
520 |a Inversiones públicas en los campos de transporte, telecomunicaciones, educación, salud, vivienda y otros en Costa Rica, señala el calendario general de construcción y el costo de los diversos proyectos, como así también los recursos financieros internos y externos./ALLV  
650 |a INVERSIONES PUBLICAS  
650 |a PLANES NACIONALES  
650 |a OBRAS PUBLICAS  
650 |a PLANIFICACION NACIONAL  
999 |c 12606  |d 12606